| 000 | 00348nam a22001577a 4500 | ||
|---|---|---|---|
| 003 | OSt | ||
| 005 | 20240406120222.0 | ||
| 008 | 180905b xxu||||| |||| 00| 0 eng d | ||
| 020 | _a9781259028991 | ||
| 040 | _cSEROSOFT | ||
| 100 | _aDUGGAL ,S K | ||
| 245 | _aSURVEYING -I | ||
| 260 |
_aDELHI _bTMH _c2009 |
||
| 300 | _a612 | ||
| 942 |
_2ddc _c02 _e3RD |
||
| 999 |
_c44305 _d44305 |
||